MARC

LEADER 00000nlm0a2200000 4500
001 318103
005 20231102003037.0
035 |a (RuTPU)RU\TPU\book\343584 
090 |a 318103 
100 |a 20160420d20152016k y0rusy50 ca 
101 0 |a rus 
102 |a RU 
105 |a a z 001zy 
181 0 |a i  
182 0 |a b 
200 1 |a Проходческие комбайны со стреловидным исполнительным органом  |b Электронный ресурс  |e монография  |e в 3 ч.  |f А. А. Хорешок [и др.]  |g Национальный исследовательский Томский политехнический университет (ТПУ), Юргинский технологический институт (филиал) (ЮТИ), Кафедра горно-шахтного оборудования (ГШО) ; Кузбасский государственный технический университет (КузГТУ) 
203 |a Текст  |c электронный 
210 |a Томск  |c Изд-во ТПУ  |d 2015-2016 
701 1 |a Хорешок  |b А. А.  |c геолог  |c профессор Юргинского технологического института Томского политехнического университета, доктор технических наук  |f 1951-  |g Алексей Алексеевич  |2 stltpush  |9 15755 
701 1 |a Маметьев  |b Л. Е.  |g Леонид Евгеньевич 
701 1 |a Цехин  |b А. М.  |g Александр Михайлович 
701 1 |a Герике  |b Б. Л.  |g Борис Людвигович 
701 1 |a Буялич  |b Г. Д.  |c горный инженер  |c профессор Юргинского технологического института (филиала) Томского политехнического университета, доктор технических наук  |f 1952-  |g Геннадий Даниилович  |2 stltpush  |9 10755 
701 1 |a Ефременков  |b А. Б.  |c специалист в области машиностроения, организации высшего профессионального образования  |c директор Юргинского технологического института (филиала) Томского политехнического университета  |f 1973-  |g Андрей Борисович  |2 stltpush 
701 1 |a Борисов  |b А. Ю.  |g Андрей Юрьевич 
712 0 2 |a Национальный исследовательский Томский политехнический университет (ТПУ)  |b Юргинский технологический институт (филиал) (ЮТИ)  |b Кафедра горно-шахтного оборудования (ГШО)  |h 2088  |2 stltpush  |3 (RuTPU)RU\TPU\col\18984 
712 0 2 |a Кузбасский государственный технический университет (КузГТУ)  |c (Кемерово)  |2 stltpush  |3 (RuTPU)RU\TPU\col\89 
801 2 |a RU  |b 63413507  |c 20160927  |g RCR 
942 |c CF